| 000 | 01090nam a2200337 a 4500 | ||
|---|---|---|---|
| 001 | 000021807 | ||
| 003 | DO-SdBNP | ||
| 005 | 20221128120923.0 | ||
| 008 | 100913s1978 dr a 000 0 spa d | ||
| 020 | _q | ||
| 022 |
_2 _a |
||
| 024 |
_2 _a _c _d _q |
||
| 027 | _q | ||
| 028 | _a | ||
| 040 |
_aDO-SdBNP _bspa _cBPMSU |
||
| 082 |
_a930.1097293 _bO77a 1978 _222 |
||
| 100 | 1 | _aOrtega, Elpidio | |
| 245 | 1 | 0 |
_aArqueología de los monumentos históricos de Santo Domingo / _cElpidio Ortega , Carmen Fondeur. |
| 260 |
_aSan Pedro de Macorís : _bUCE, _c1978. |
||
| 300 |
_a241 p. : _bil. ; _c23 cm. |
||
| 500 | _aIncluye notas al pie de páginas | ||
| 504 | _aBibliografías : p. 237-241 | ||
| 590 | _6Inventariado, 2022/VM | ||
| 650 | 4 |
_aMonumentos historicos _zSanto Domingo (República Dominicana) |
|
| 650 | 4 |
_aExcavaciones arqueológicas _xHistoria _zSanto Domingo (República Dominicana) |
|
| 650 | 4 |
_aCeramica _zSanto Domingo (República Dominicana) _c |
|
| 710 | 2 | _aUniversidad Central del Este | |
| 900 | _b | ||
| 910 | _aVMateo V./Validado | ||
| 942 |
_2ddc _cBK |
||
| 999 |
_c14351 _d14351 |
||